[Event "Malta-Open2012"]
[Site "Bugibba"]
[Date "2012.11.18"]
[Round "1.2"]
[White "Webner, Dennis"]
[Black "Heberla, Bartlomiej"]
[Result "0-1"]
[WhiteElo "2017"]
[BlackElo "2536"]
[Annotator "chessorg"]
[PlyCount "46"]
[EventDate "2012.??.??"]
[WhiteTeam "SF Achim"]
[BlackTeam "Baszta Znin"]

1. d4 g6 2. e4 Bg7 3. Nc3 c6 4. Nf3 d5 5. exd5 cxd5 6. Bf4 a6 7. Be2 Nh6 8. Qd2
Nf5 9. g4 Nd6 10. h3 O-O 11. Bh6 Nc6 12. O-O-O Be6 13. Bxg7 Kxg7 14. Ng5 Nb5
15. Qe3 Qa5 16. h4 Nxc3 17. bxc3 h6 18. h5 hxg5 19. Qxg5 Rh8 20. Bd3 Qxc3 21.
hxg6 f6 22. Qe3 Rxh1 23. Rxh1 Qa1+ 0-1

[Event "Malta-Open2012"]
[Site "Bugibba"]
[Date "2012.11.18"]
[Round "1.3"]
[White "Matamoros, Carlos"]
[Black "Zimmermann, Dirk"]
[Result "1-0"]
[WhiteElo "2525"]
[BlackElo "2066"]
[Annotator "chessorg"]
[PlyCount "55"]
[EventDate "2012.??.??"]
[BlackTeam "Doppelbauer Brambauer"]

1. Nf3 g6 2. c4 Bg7 3. d4 Nf6 4. g3 O-O 5. Bg2 c6 6. O-O d5 7. Qb3 Qb6 8. Nc3
dxc4 9. Qxc4 Be6 10. Qa4 Qa6 11. Qc2 h6 12. e4 Nbd7 13. b3 Rac8 14. h3 b5 15.
Be3 Nh7 16. Qd2 h5 17. Bh6 f6 18. Bxg7 Kxg7 19. Rfe1 Bg8 20. e5 f5 21. Ne2 Nb6
22. Nf4 e6 23. Nh4 Bf7 24. Nhxg6 Bxg6 25. Nxe6+ Kf7 26. Qh6 Rg8 27. Nf4 Nf8 28.
e6+ 1-0

[Event "Malta-Open2012"]
[Site "Bugibba"]
[Date "2012.11.18"]
[Round "1.4"]
[White "Cichy, Michael"]
[Black "Petrov, Marian"]
[Result "1/2-1/2"]
[WhiteElo "2024"]
[BlackElo "2512"]
[Annotator "chessorg"]
[PlyCount "82"]
[EventDate "2012.??.??"]
[WhiteTeam "SC Braunschweig Gliesmarode"]

1. d4 g6 2. Nf3 Bg7 3. c4 c5 4. Nc3 cxd4 5. Nxd4 Nc6 6. Nc2 Nf6 7. e4 O-O 8.
Bd3 d6 9. O-O Be6 10. f4 Rc8 11. Kh1 a6 12. f5 Bd7 13. b3 Ne5 14. a4 gxf5 15.
exf5 d5 16. Bf4 Nxd3 17. Qxd3 dxc4 18. bxc4 Qa5 19. Bd2 Qc5 20. Ne3 Bc6 21.
Ncd5 Bxd5 22. cxd5 Rcd8 23. Rac1 Qd6 24. Ba5 Rd7 25. Rfd1 Bh6 26. Rc4 Bf4 27.
Qd4 Bxh2 28. Ng4 b5 29. Rc6 Qxc6 30. dxc6 Rxd4 31. Rxd4 Bb8 32. Nxf6+ exf6 33.
c7 Bxc7 34. Bxc7 bxa4 35. Rg4+ Kh8 36. Rxa4 Rc8 37. Bf4 Rc5 38. g4 h5 39. Rxa6
Kg7 40. g5 fxg5 41. Bxg5 Rxf5 1/2-1/2

[Event "Malta-Open2012"]
[Site "Bugibba"]
[Date "2012.11.18"]
[Round "1.5"]
[White "Williams, Simon"]
[Black "Lechner, Marcus"]
[Result "1-0"]
[WhiteElo "2511"]
[BlackElo "1958"]
[Annotator "chessorg"]
[PlyCount "63"]
[EventDate "2012.??.??"]
[BlackTeam "Tschaturanga Wien"]

1. d4 Nf6 2. c4 e6 3. Nf3 c5 4. d5 exd5 5. cxd5 d6 6. Nc3 g6 7. Bf4 a6 8. a4
Bg7 9. e3 O-O 10. h3 Qe7 11. Nd2 Nbd7 12. Be2 Ne5 13. O-O Rb8 14. a5 Nfd7 15.
Bh2 f5 16. Re1 b5 17. axb6 Rxb6 18. Qc2 Nf6 19. Bxe5 dxe5 20. Nc4 Rb4 21. Na5
Qd6 22. Nc6 Bb7 23. Nxb4 cxb4 24. Na2 Rc8 25. Qa4 Nxd5 26. Red1 Qb6 27. Rac1
Rxc1 28. Nxc1 Bh6 29. Qe8+ Bf8 30. Bc4 Qd6 31. Nd3 Kg7 32. Nxe5 1-0

[Event "Malta-Open2012"]
[Site "Bugibba"]
[Date "2012.11.18"]
[Round "1.6"]
[White "Nilsson, Kristoffer"]
[Black "Brynell, Stellan"]
[Result "0-1"]
[WhiteElo "1856"]
[BlackElo "2500"]
[Annotator "chessorg"]
[PlyCount "68"]
[EventDate "2012.??.??"]
[WhiteTeam "Finja SK"]

1. d4 e6 2. c4 Nf6 3. Nf3 b6 4. Nc3 Bb4 5. Bg5 h6 6. Bh4 g5 7. Bg3 Ne4 8. Qc2
Bb7 9. Nd2 Bxc3 10. bxc3 f5 11. f3 Nxd2 12. Qxd2 d6 13. h4 f4 14. Bf2 Qf6 15.
hxg5 hxg5 16. Rxh8+ Qxh8 17. g3 Qh2 18. gxf4 gxf4 19. Qd3 Qh6 20. O-O-O Nc6 21.
Bg2 O-O-O 22. e4 Na5 23. Rh1 Qg6 24. Bf1 Ba6 25. Qd2 Bxc4 26. Rg1 Qf7 27. Bxc4
Nxc4 28. Qd3 d5 29. exd5 exd5 30. Rg5 Rh8 31. Rg4 Kb7 32. Rh4 Rxh4 33. Bxh4 Qh5
34. Be1 Qh2 0-1

[Event "Malta-Open2012"]
[Site "Bugibba"]
[Date "2012.11.18"]
[Round "1.7"]
[White "Ahlander, Björn"]
[Black "Fahys, Bertrand"]
[Result "1-0"]
[WhiteElo "2422"]
[BlackElo "1958"]
[Annotator "chessorg"]
[PlyCount "109"]
[EventDate "2012.??.??"]
[WhiteTeam "Limhamns SK"]

1. d4 d5 2. c4 e6 3. Nc3 Nf6 4. Bg5 Be7 5. e3 Nbd7 6. Nf3 O-O 7. Rc1 c6 8. a3
b6 9. Bd3 Bb7 10. O-O c5 11. Qe2 Rc8 12. Rfd1 cxd4 13. exd4 dxc4 14. Bxc4 h6
15. Be3 Qc7 16. Ba2 Qb8 17. h3 Qa8 18. d5 Nxd5 19. Nxd5 Bxd5 20. Bxd5 exd5 21.
Bxh6 Bf6 22. Be3 Nc5 23. Bd4 Ne4 24. Bxf6 Nxf6 25. Nd4 Rxc1 26. Rxc1 Rc8 27.
Rd1 Qb7 28. Nf5 Re8 29. Qd2 Re6 30. Qg5 Ne8 31. Rxd5 Qc7 32. Qd2 Qc4 33. Rd8
Qc7 34. g3 Re1+ 35. Qxe1 Qxd8 36. Kh2 Nf6 37. Qe3 g6 38. Ne7+ Kf8 39. Nc6 Qd7
40. Qc3 Qf5 41. Qb4+ Kg7 42. Qd4 Kh7 43. Ne5 Ne4 44. Ng4 Ng5 45. Qe3 Nf3+ 46.
Kg2 Ng5 47. f3 Qc2+ 48. Qf2 Qxf2+ 49. Nxf2 Ne6 50. Ne4 a5 51. Nd6 a4 52. Nxf7
Nc5 53. Ne5 Kg7 54. f4 Kf6 55. h4 1-0

[Event "Malta-Open2012"]
[Site "Bugibba"]
[Date "2012.11.18"]
[Round "1.8"]
[White "Bismuth, Léa"]
[Black "Collutiis, Duilio"]
[Result "0-1"]
[WhiteElo "1950"]
[BlackElo "2486"]
[Annotator "chessorg"]
[PlyCount "82"]
[EventDate "2012.??.??"]
[BlackTeam "Obiettivo risarcimento padova"]

1. b3 d5 2. e3 c6 3. Bb2 Nd7 4. f4 Ngf6 5. Nf3 g6 6. Nc3 Bg7 7. Be2 Ne4 8. Qc1
Nxc3 9. Bxc3 Bxc3 10. dxc3 O-O 11. O-O e5 12. Re1 Re8 13. Kh1 e4 14. Nd2 Nf6
15. Qb2 Qb6 16. Nf1 Rd8 17. a4 c5 18. Rad1 Be6 19. h3 Rd6 20. Rd2 h5 21. Red1
Rad8 22. Qa1 h4 23. a5 Qc7 24. c4 d4 25. exd4 e3 26. dxc5 Rxd2 27. Nxd2 Qe7 28.
Nf3 Rxd1+ 29. Qxd1 Nh5 30. Qd6 Ng3+ 31. Kh2 Qxd6 32. cxd6 Nxe2 33. Ne5 Kf8 34.
Nd3 Ke8 35. c5 Bf5 36. a6 bxa6 37. Ne5 Nxf4 38. Kg1 f6 39. Nf3 Kd7 40. Nd4 Be4
41. c4 Bxg2 0-1

[Event "Malta-Open2012"]
[Site "Bugibba"]
[Date "2012.11.18"]
[Round "1.9"]
[White "Hasangatin, Ramil"]
[Black "Psaila, Mario"]
[Result "1-0"]
[WhiteElo "2485"]
[BlackElo "1883"]
[Annotator "chessorg"]
[PlyCount "75"]
[EventDate "2012.??.??"]

1. e4 d6 2. d4 Nf6 3. Nc3 g6 4. Be3 c6 5. a4 Nbd7 6. h3 b6 7. g4 e5 8. Bg2 Bb7
9. Nge2 Qe7 10. Qd2 a6 11. Ng3 exd4 12. Bxd4 c5 13. Be3 Ne5 14. b3 Bg7 15. Rd1
Rd8 16. g5 Nh5 17. Nxh5 gxh5 18. Nd5 Bxd5 19. Qxd5 O-O 20. f4 Ng6 21. O-O Nh4
22. f5 Bd4 23. Bxd4 Qxg5 24. Rf2 cxd4 25. Kh2 Kh8 26. Qxd4+ f6 27. Qd2 Qg7 28.
Bh1 Rg8 29. Qf4 Qg5 30. Qxg5 fxg5 31. Rfd2 g4 32. Kg3 Nf3 33. Bxf3 gxf3+ 34.
Kxf3 h4 35. Rxd6 Rg3+ 36. Kf4 Rc8 37. Rd8+ Rxd8 38. Rxd8+ 1-0

[Event "Malta-Open2012"]
[Site "Bugibba"]
[Date "2012.11.18"]
[Round "1.11"]
[White "Grebstad, Kjell Børre"]
[Black "Bellia, Fabrizio"]
[Result "1/2-1/2"]
[WhiteElo "1989"]
[BlackElo "2445"]
[Annotator "chessorg"]
[PlyCount "86"]
[EventDate "2012.??.??"]
[WhiteTeam "SK Stjernen"]
[BlackTeam "Famiglia Legnanese"]

1. d4 Nf6 2. c4 e6 3. Nc3 Bb4 4. Qc2 O-O 5. a3 Bxc3+ 6. Qxc3 b6 7. Bg5 Bb7 8.
Nf3 d6 9. g3 Nbd7 10. Bg2 h6 11. Be3 c5 12. O-O Qc7 13. Rac1 Rfe8 14. b4 e5 15.
dxc5 dxc5 16. b5 a6 17. a4 axb5 18. axb5 Ne4 19. Qc2 Nf8 20. Nh4 Nd6 21. Bxb7
Qxb7 22. Rfd1 Red8 23. Rd5 f6 24. Rcd1 Nf7 25. Rxd8 Nxd8 26. Nf5 Nde6 27. Nd6
Qe7 28. Nf5 Qb7 29. Nd6 Qa7 30. Nf5 Qc7 31. Qe4 Rd8 32. Ra1 Nd4 33. Bxd4 exd4
34. Ne7+ Kf7 35. Nc6 Rd7 36. Ra8 Ne6 37. Qh7 d3 38. exd3 Qd6 39. Qg8+ Kg6 40.
Qe8+ Kh7 41. Qh8+ Kg6 42. Qe8+ Kh7 43. Qh8+ Kg6 1/2-1/2

[Event "Malta-Open2012"]
[Site "Bugibba"]
[Date "2012.11.19"]
[Round "2.2"]
[White "Heberla, Bartlomiej"]
[Black "Reinkemeier, Tobias"]
[Result "1-0"]
[WhiteElo "2536"]
[BlackElo "2160"]
[Annotator "chessorg"]
[PlyCount "49"]
[EventDate "2012.??.??"]
[WhiteTeam "Baszta Znin"]

1. d4 Nf6 2. c4 c5 3. d5 e6 4. Nc3 exd5 5. cxd5 d6 6. e4 g6 7. f4 Bg7 8. e5
dxe5 9. fxe5 Nfd7 10. e6 fxe6 11. dxe6 Bxc3+ 12. bxc3 Qh4+ 13. g3 Qe4+ 14. Qe2
Qxe2+ 15. Nxe2 Nf8 16. Nf4 Nxe6 17. Bc4 Nc7 18. O-O b5 19. Nd5 Nba6 20. Re1+
Kd7 21. Re7+ Kc6 22. Nxc7 Nxc7 23. Bf4 Na6 24. Bf1 Bf5 25. a4 1-0

[Event "Malta-Open2012"]
[Site "Bugibba"]
[Date "2012.11.19"]
[Round "2.4"]
[White "Van t Hof, Eric"]
[Black "Williams, Simon"]
[Result "0-1"]
[WhiteElo "2145"]
[BlackElo "2511"]
[Annotator "chessorg"]
[PlyCount "64"]
[EventDate "2012.??.??"]
[WhiteTeam "Oegstgeest"]

1. d4 e6 2. c4 b6 3. Nc3 Bb7 4. Nf3 Bb4 5. Bg5 f6 6. Bd2 f5 7. a3 Bxc3 8. Bxc3
Nf6 9. e3 O-O 10. Be2 Ne4 11. Rc1 d6 12. O-O Nd7 13. Be1 Rf6 14. Nd2 Rg6 15.
Nxe4 Bxe4 16. f3 Bb7 17. Rf2 Qe7 18. Bc3 e5 19. Qc2 Rf8 20. b4 f4 21. e4 c5 22.
bxc5 dxc5 23. d5 Rh6 24. Bf1 Rff6 25. h3 Rfg6 26. Kh1 Qg5 27. Bd3 Qg3 28. Rcf1
Bc8 29. Be1 Nf6 30. Qb2 Bg4 31. Qe2 Rh5 32. Bc2 Rgh6 0-1

[Event "Malta-Open2012"]
[Site "Bugibba"]
[Date "2012.11.19"]
[Round "2.5"]
[White "Brynell, Stellan"]
[Black "Gauci, Joseph"]
[Result "1-0"]
[WhiteElo "2500"]
[BlackElo "2128"]
[Annotator "chessorg"]
[PlyCount "123"]
[EventDate "2012.??.??"]
[BlackTeam "Malta Chess Federation"]

1. d4 Nf6 2. c4 g6 3. Nc3 d5 4. e3 Bg7 5. cxd5 Nxd5 6. Nxd5 Qxd5 7. Ne2 O-O 8.
Nc3 Qd6 9. Be2 c6 10. O-O Nd7 11. f4 Nb6 12. Ne4 Qc7 13. Bd2 Be6 14. Rc1 Rad8
15. b3 Nd5 16. Bf3 Nf6 17. Nc5 Qc8 18. Qe2 Rd6 19. Rfd1 Rfd8 20. Be1 Nd5 21.
Kh1 f5 22. Nd3 Nf6 23. Bb4 R6d7 24. Ba5 Re8 25. Ne5 Rd6 26. Bb4 Rdd8 27. Bc5
Qa8 28. Ba3 Bd5 29. Nd3 Ne4 30. Nf2 Nxf2+ 31. Qxf2 Qc8 32. Bxd5+ Rxd5 33. Qf3
Qd7 34. Bc5 a6 35. h3 Bf8 36. Re1 e6 37. b4 Bg7 38. a4 Qd8 39. a5 Qd7 40. Rc2
Qf7 41. Rce2 Bf6 42. g4 Qd7 43. g5 Bg7 44. h4 Kf7 45. h5 Rh8 46. Rh2 Qc8 47.
Bb6 Qd7 48. Kg2 Rg8 49. Reh1 Qd6 50. Bc5 Qd8 51. Kf2 Qc8 52. Bb6 Qe8 53. Rh4
Qe7 54. Bc5 Qd8 55. R1h2 Qe8 56. Qh1 Qd8 57. hxg6+ hxg6 58. Rh7 Rxc5 59. bxc5
Qxa5 60. Qb1 Rb8 61. Kf3 Qb5 62. Rb2 1-0

[Event "Malta-Open2012"]
[Site "Bugibba"]
[Date "2012.11.19"]
[Round "2.6"]
[White "Herbold, Manfred"]
[Black "Ahlander, Björn"]
[Result "1/2-1/2"]
[WhiteElo "2136"]
[BlackElo "2422"]
[Annotator "chessorg"]
[PlyCount "58"]
[EventDate "2012.??.??"]
[WhiteTeam "SFB Steinsfurt"]
[BlackTeam "Limhamns SK"]

1. e4 c5 2. d4 cxd4 3. c3 dxc3 4. Nxc3 Nc6 5. Nf3 d6 6. Bc4 e6 7. O-O Be7 8.
Qe2 Nf6 9. Rd1 e5 10. h3 O-O 11. b4 a6 12. Be3 b5 13. Bd5 Nxd5 14. Nxd5 Bb7 15.
a4 bxa4 16. b5 Nd4 17. Bxd4 exd4 18. Rxa4 axb5 19. Rxa8 Bxa8 20. Qxb5 Bf6 21.
Nxd4 Bxd4 22. Rxd4 Qg5 23. Qd7 Bxd5 24. Rxd5 Qc1+ 25. Kh2 Qf4+ 26. Kg1 Qxe4 27.
Rd1 g6 28. Qxd6 Re8 29. Qd4 Qxd4 1/2-1/2

[Event "Malta-Open2012"]
[Site "Bugibba"]
[Date "2012.11.19"]
[Round "2.7"]
[White "Collutiis, Duilio"]
[Black "Coimbra, Margarida"]
[Result "1-0"]
[WhiteElo "2486"]
[BlackElo "2115"]
[Annotator "chessorg"]
[PlyCount "87"]
[EventDate "2012.??.??"]
[WhiteTeam "Obiettivo risarcimento padova"]

1. c4 e6 2. g3 d5 3. Bg2 Nf6 4. Nf3 c6 5. O-O Be7 6. b3 O-O 7. Bb2 Nbd7 8. Qc2
b6 9. d3 Bb7 10. Nbd2 Rc8 11. Rad1 c5 12. e4 Qc7 13. Rfe1 d4 14. Rf1 a5 15. Bh3
a4 16. b4 Ra8 17. b5 Ne8 18. Rde1 Bf6 19. Re2 e5 20. Ne1 Nd6 21. f4 Rfe8 22.
Ndf3 Bc8 23. Bc1 Nf8 24. Bxc8 Nxc8 25. f5 Be7 26. g4 f6 27. h4 Nd7 28. Rg2 Nd6
29. g5 Kh8 30. Qe2 Nf7 31. g6 Nh6 32. Nh2 Bf8 33. Qh5 Re7 34. Ng4 hxg6 35. fxg6
Kg8 36. Rf5 Qd6 37. a3 Ra7 38. Nf3 Rb7 39. Nfh2 Ra7 40. Nf1 Rb7 41. Ng3 Ra7 42.
Bxh6 gxh6 43. Nxh6+ Bxh6 44. Qxh6 1-0

[Event "Malta-Open2012"]
[Site "Bugibba"]
[Date "2012.11.19"]
[Round "2.8"]
[White "Bösch, Dirk"]
[Black "Hasangatin, Ramil"]
[Result "0-1"]
[WhiteElo "2120"]
[BlackElo "2485"]
[Annotator "chessorg"]
[PlyCount "72"]
[EventDate "2012.??.??"]
[WhiteTeam "SC Ebringen"]

1. c4 e5 2. g3 Nf6 3. Bg2 h6 4. a3 c6 5. d4 exd4 6. Qxd4 d5 7. Nf3 Be7 8. O-O
c5 9. Qd3 Be6 10. cxd5 Qxd5 11. Ne1 Qxd3 12. Nxd3 Bd5 13. Nc3 Bxg2 14. Kxg2 Nc6
15. Bf4 O-O 16. Rab1 Rac8 17. Rfd1 Rfd8 18. h3 Nd5 19. Nxd5 Rxd5 20. Be3 c4 21.
Nf4 Rb5 22. Nd5 Bf8 23. a4 Ra5 24. Nc3 Bb4 25. Rd7 b6 26. Ra1 Bxc3 27. bxc3 b5
28. Rb1 bxa4 29. Rbb7 Rf8 30. Rdc7 a3 31. Bc1 a2 32. Bb2 Ra6 33. Rxc6 Rxc6 34.
Rxa7 Rd6 35. Ba1 Rd2 36. Ra4 Rb8 0-1

[Event "Malta-Open2012"]
[Site "Bugibba"]
[Date "2012.11.19"]
[Round "2.9"]
[White "Poetsch, Hagen"]
[Black "Klem, Davor"]
[Result "1-0"]
[WhiteElo "2466"]
[BlackElo "2106"]
[Annotator "chessorg"]
[PlyCount "53"]
[EventDate "2012.??.??"]
[WhiteTeam "Wiesbadener SV 1885"]
[BlackTeam "Zanatlilski Zagreb"]

1. e4 Nc6 2. Nf3 e5 3. Bc4 Nf6 4. Ng5 d5 5. exd5 Na5 6. Bb5+ c6 7. dxc6 bxc6 8.
Bd3 Qc7 9. Nc3 h6 10. Nge4 Nd5 11. Ng3 g6 12. O-O Bg7 13. Nxd5 cxd5 14. Bb5+
Nc6 15. d4 e4 16. Nxe4 dxe4 17. d5 Bd7 18. dxc6 Bxc6 19. Qd5 Bxb5 20. Qxa8+ Ke7
21. Qxe4+ Qe5 22. Qb4+ Kd8 23. Bf4 Qf5 24. Qa5+ Ke7 25. Rfe1+ Kf6 26. Qc3+ Qe5
27. Qxe5# 1-0

[Event "Malta-Open2012"]
[Site "Bugibba"]
[Date "2012.11.19"]
[Round "2.10"]
[White "Carlsten, Peter"]
[Black "Akesson, Ralf"]
[Result "1/2-1/2"]
[WhiteElo "2047"]
[BlackElo "2440"]
[Annotator "chessorg"]
[PlyCount "99"]
[EventDate "2012.??.??"]
[WhiteTeam "Stockholms SchacksÃ¤llskap"]
[BlackTeam "Vasteras SK"]

1. e4 c6 2. d4 d5 3. f3 e6 4. Nc3 Bb4 5. Nge2 b6 6. a3 Be7 7. Bf4 Ba6 8. Qd2
Nf6 9. O-O-O O-O 10. Kb1 Nbd7 11. e5 Ne8 12. Be3 b5 13. Nc1 Nb6 14. f4 Rb8 15.
Ka1 Nc7 16. Nb3 b4 17. axb4 Bxf1 18. Rhxf1 Nc4 19. Qd3 Na6 20. Na2 Rxb4 21. Bd2
Ra4 22. Kb1 Qb6 23. f5 Rb8 24. f6 Bf8 25. fxg7 Bxg7 26. Qf3 Rb7 27. Nc3 Rb4 28.
Na2 Rb5 29. Bg5 c5 30. Bf6 Rxb3 31. cxb3 Qxb3 32. Qxb3 Rxb3 33. Rf2 Bh6 34. Nc1
Rb7 35. Nd3 cxd4 36. Ka2 Be3 37. Rc2 Rb5 38. Be7 Rb8 39. b3 Na5 40. Rb1 Kg7 41.
Bd6 Rb5 42. Rc8 h5 43. Rf1 Rxb3 44. Bf8+ Kg6 45. Rf6+ Kh7 46. Rxf7+ Kg6 47.
Rf6+ Kh7 48. Rf7+ Kg6 49. Rf6+ Kh7 50. Rf7+ 1/2-1/2

[Event "Malta-Open2012"]
[Site "Bugibba"]
[Date "2012.11.19"]
[Round "2.12"]
[White "Lubczynski, Rafal"]
[Black "Dzubasz, Tino"]
[Result "1-0"]
[WhiteElo "2419"]
[BlackElo "2075"]
[Annotator "chessorg"]
[PlyCount "57"]
[EventDate "2012.??.??"]
[BlackTeam "Doppelbauer Woltersdorf"]

1. d4 Nf6 2. Nf3 e6 3. c4 c5 4. d5 exd5 5. cxd5 d6 6. Nc3 g6 7. e4 Bg7 8. Nd2
O-O 9. Be2 Re8 10. O-O a6 11. a4 Nbd7 12. Re1 Ne5 13. Nf1 h6 14. f4 Ned7 15.
Nd2 Rb8 16. a5 Qe7 17. Nf3 b5 18. axb6 Rxb6 19. Bc4 Rb4 20. e5 Ng4 21. Bxa6
Ndxe5 22. fxe5 Nxe5 23. Nxe5 Bxe5 24. Bxc8 Rxc8 25. Re2 f5 26. g3 h5 27. Bf4
Rd4 28. Qe1 Re8 29. Ra6 1-0

[Event "Malta-Open2012"]
[Site "Bugibba"]
[Date "2012.11.20"]
[Round "3.1"]
[White "Mirzoev, Azer"]
[Black "Velten, Paul"]
[Result "1/2-1/2"]
[WhiteElo "2555"]
[BlackElo "2328"]
[Annotator "chessorg"]
[PlyCount "86"]
[EventDate "2012.??.??"]

1. d4 Nf6 2. Nf3 e6 3. Bf4 d5 4. e3 Bd6 5. Ne5 O-O 6. Nd2 c5 7. c3 Nc6 8. Bg3
Bxe5 9. dxe5 Nd7 10. f4 f6 11. exf6 Nxf6 12. Nf3 c4 13. Be2 Qb6 14. Qc1 Ng4 15.
Nd4 e5 16. fxe5 Ngxe5 17. Nxc6 Nxc6 18. Qd2 Bf5 19. O-O Be4 20. Bf3 Bxf3 21.
Rxf3 Rxf3 22. gxf3 Qc5 23. Rd1 Rd8 24. Kg2 Qe7 25. Qe2 Qe6 26. Qd2 b5 27. a4 a6
28. axb5 axb5 29. Ra1 Qc8 30. h4 b4 31. Qe2 Qe6 32. Ra6 d4 33. cxd4 Nxd4 34.
Rxe6 Nxe2 35. Be5 c3 36. bxc3 bxc3 37. Rc6 Rd2 38. Kh3 c2 39. Bb2 h5 40. Rc7
Ng1+ 41. Kg3 Ne2+ 42. Kh3 Ng1+ 43. Kg3 Ne2+ 1/2-1/2

[Event "Malta-Open2012"]
[Site "Bugibba"]
[Date "2012.11.20"]
[Round "3.2"]
[White "Henriksson, Johan"]
[Black "Heberla, Bartlomiej"]
[Result "0-1"]
[WhiteElo "2275"]
[BlackElo "2536"]
[Annotator "chessorg"]
[PlyCount "104"]
[EventDate "2012.??.??"]
[WhiteTeam "Stockholms SS"]
[BlackTeam "Baszta Znin"]

1. d4 g6 2. g3 Bg7 3. Bg2 c5 4. dxc5 Qa5+ 5. Bd2 Qxc5 6. Bc3 Nf6 7. Bd4 Qa5+ 8.
Qd2 Qd8 9. Nc3 Nc6 10. Nf3 Nxd4 11. Nxd4 O-O 12. O-O d5 13. Nb3 e6 14. e4 Nxe4
15. Nxe4 dxe4 16. Qxd8 Rxd8 17. Bxe4 Kf8 18. c3 Ke7 19. Rfd1 Rb8 20. Na5 Rxd1+
21. Rxd1 Be5 22. Kf1 Bc7 23. b4 Bxa5 24. bxa5 Bd7 25. Rb1 b6 26. axb6 axb6 27.
Bd3 e5 28. Bb5 Be6 29. Re1 Kd6 30. c4 Rc8 31. Rc1 Ra8 32. a4 Kc5 33. Re1 Bxc4+
34. Bxc4 Kxc4 35. Rxe5 Rxa4 36. Re4+ Kb3 37. Re7 b5 38. Rxf7 b4 39. Rxh7 Ka3
40. Rd7 b3 41. Kg2 b2 42. Rd1 Kb3 43. Rb1 Kc2 44. Re1 b1=Q 45. Rxb1 Kxb1 46. f4
Kc2 47. Kf3 Kd3 48. h4 Ra5 49. g4 Kd4 50. f5 gxf5 51. gxf5 Rxf5+ 52. Kg4 Ke5
0-1

[Event "Malta-Open2012"]
[Site "Bugibba"]
[Date "2012.11.20"]
[Round "3.4"]
[White "Williams, Simon"]
[Black "Valles, Manuel"]
[Result "1-0"]
[WhiteElo "2511"]
[BlackElo "2294"]
[Annotator "chessorg"]
[PlyCount "73"]
[EventDate "2012.??.??"]

1. d4 Nf6 2. c4 c5 3. d5 d6 4. Nc3 g6 5. e4 Bg7 6. Be2 O-O 7. Bf4 a6 8. a4 Qa5
9. Bd2 Qc7 10. h3 e6 11. Nf3 exd5 12. exd5 Re8 13. O-O Nbd7 14. Qb3 Ne4 15.
Nxe4 Rxe4 16. Bd3 Re8 17. Rae1 Ne5 18. Nxe5 Rxe5 19. Bc3 Rxe1 20. Rxe1 Bf8 21.
Qd1 Bd7 22. Qf3 Qd8 23. Bc2 b5 24. Qf4 b4 25. Bf6 Qa5 26. b3 Re8 27. Rxe8 Bxe8
28. h4 Qc7 29. h5 Be7 30. Qg5 Bxf6 31. Qxf6 gxh5 32. Kh2 a5 33. Kg3 Bd7 34. Kf4
Bc8 35. Kg5 Qd7 36. Kh6 Kf8 37. Bf5 1-0

[Event "Malta-Open2012"]
[Site "Bugibba"]
[Date "2012.11.20"]
[Round "3.9"]
[White "Raetsky, Alexander"]
[Black "Spence, David"]
[Result "1-0"]
[WhiteElo "2431"]
[BlackElo "2233"]
[Annotator "chessorg"]
[PlyCount "59"]
[EventDate "2012.??.??"]
[BlackTeam "Anglian Avengers"]

1. e4 e6 2. d4 d5 3. Nc3 Bb4 4. e5 c5 5. Qg4 Ne7 6. dxc5 Nbc6 7. Bd2 O-O 8.
O-O-O f5 9. exf6 Rxf6 10. Bd3 Bxc5 11. Bg5 Rf7 12. Nf3 Qf8 13. Be3 Bxe3+ 14.
fxe3 h6 15. Qg3 Nf5 16. Bxf5 Rxf5 17. Rhe1 b5 18. Qc7 Nb4 19. Nd4 Rf7 20. Qe5
Bd7 21. a3 Na6 22. Ncxb5 Nc5 23. Nc3 Rc8 24. Kb1 Kh8 25. e4 dxe4 26. Nxe4 Na4
27. Nd6 Rf2 28. Nxc8 Qxc8 29. Re2 Qb7 30. Nxe6 1-0

[Event "Malta-Open2012"]
[Site "Bugibba"]
[Date "2012.11.20"]
[Round "3.10"]
[White "Sgnaolin, Davide"]
[Black "Lubczynski, Rafal"]
[Result "0-1"]
[WhiteElo "2256"]
[BlackElo "2419"]
[Annotator "chessorg"]
[PlyCount "54"]
[EventDate "2012.??.??"]

1. c4 f5 2. Nc3 Nf6 3. g3 g6 4. Bg2 Bg7 5. d3 O-O 6. Rb1 a5 7. a3 c6 8. Nf3 h6
9. Nh4 Kh7 10. e4 fxe4 11. dxe4 e5 12. O-O d6 13. Qd3 Na6 14. b4 axb4 15. axb4
Be6 16. f4 exf4 17. Bxf4 Nh5 18. Nxg6 Kxg6 19. e5+ Bf5 20. Be4 dxe5 21. Qf3
exf4 22. Bxf5+ Rxf5 23. Rbd1 Qb6+ 24. c5 Nxc5 25. g4 Rg5 26. Kh1 Qxb4 27. gxh5+
Kh7 0-1

[Event "Malta-Open2012"]
[Site "Bugibba"]
[Date "2012.11.20"]
[Round "3.12"]
[White "Schunk, Thomas"]
[Black "L Ami, Alina"]
[Result "1-0"]
[WhiteElo "2245"]
[BlackElo "2381"]
[Annotator "chessorg"]
[PlyCount "83"]
[EventDate "2012.??.??"]
[WhiteTeam "SG Leipzig"]
[BlackTeam "Politehnica Iasi/En Passant"]

1. c4 g6 2. Nc3 Nf6 3. e4 d6 4. g3 Bg7 5. Bg2 O-O 6. Nge2 c5 7. O-O Nc6 8. h3
a6 9. f4 Rb8 10. d3 Ne8 11. a4 Nc7 12. f5 b5 13. axb5 axb5 14. cxb5 Nxb5 15.
Nxb5 Rxb5 16. Nc3 Rb8 17. g4 Nd4 18. Ra2 e6 19. Kh1 Be5 20. Bf4 Bxf4 21. Rxf4
Qg5 22. Qf1 gxf5 23. gxf5 exf5 24. exf5 Bxf5 25. h4 Qh5 26. Nd5 Kg7 27. Qf2
Rbe8 28. Ra7 Re2 29. Qg3+ Qg6 30. Qxg6+ hxg6 31. b4 Bxd3 32. Nc3 Re1+ 33. Kh2
cxb4 34. Nd5 Nb5 35. Rb7 b3 36. Rb4 Rb1 37. Nf4 Re8 38. Nxd3 Re3 39. Nf4 Na3
40. Nd5 Rd3 41. Rf4 g5 42. Rfxf7+ 1-0

[Event "Malta-Open2012"]
[Site "Bugibba"]
[Date "2012.11.21"]
[Round "4.3"]
[White "Brynell, Stellan"]
[Black "Pavlidis, Anastasios"]
[Result "0-1"]
[WhiteElo "2500"]
[BlackElo "2331"]
[Annotator "chessorg"]
[PlyCount "54"]
[EventDate "2012.??.??"]

1. d4 Nf6 2. c4 g6 3. g3 Bg7 4. Bg2 O-O 5. Nc3 d6 6. Nf3 Nbd7 7. O-O e5 8. e4
c6 9. Be3 Qe7 10. h3 exd4 11. Nxd4 Nc5 12. Qc2 Re8 13. Rfe1 Bd7 14. f3 Nh5 15.
Kh2 g5 16. Rad1 Be5 17. Bf2 Qf6 18. Nce2 a5 19. Qd2 Kh8 20. Rg1 Rg8 21. Rdf1
Rg6 22. Be3 Rag8 23. Qxa5 Nxg3 24. Nxg3 Bxg3+ 25. Kh1 Rh6 26. Nf5 Bxf5 27. exf5
Qxf5 0-1

[Event "Malta-Open2012"]
[Site "Bugibba"]
[Date "2012.11.21"]
[Round "5.3"]
[White "De Verdier, Michael"]
[Black "Petrov, Marian"]
[Result "1/2-1/2"]
[WhiteElo "2375"]
[BlackElo "2512"]
[Annotator "chessorg"]
[PlyCount "46"]
[EventDate "2012.??.??"]
[WhiteTeam "EksjÃ¶ SK"]

1. c4 g6 2. g3 Bg7 3. Bg2 e5 4. Nc3 d6 5. d3 c6 6. e4 Ne7 7. Nge2 O-O 8. O-O
Nd7 9. Be3 a6 10. d4 b5 11. cxb5 cxb5 12. dxe5 Nxe5 13. b3 Bb7 14. Rc1 b4 15.
Nd5 Nxd5 16. exd5 a5 17. Qd2 Ba6 18. Rfd1 Ng4 19. Bg5 f6 20. Bf4 g5 21. Bh3
gxf4 22. Bxg4 f5 23. Bh3 Bxe2 1/2-1/2

[Event "Malta-Open2012"]
[Site "Bugibba"]
[Date "2012.11.21"]
[Round "5.4"]
[White "Matamoros, Carlos"]
[Black "Bellia, Fabrizio"]
[Result "0-1"]
[WhiteElo "2525"]
[BlackElo "2445"]
[Annotator "chessorg"]
[PlyCount "52"]
[EventDate "2012.??.??"]
[BlackTeam "Famiglia Legnanese"]

1. c4 c5 2. g3 Nc6 3. Bg2 g6 4. Nc3 Bg7 5. a3 b6 6. e3 Bb7 7. Nge2 Nf6 8. d4
Na5 9. Bxb7 Nxb7 10. d5 Nd6 11. Qd3 e5 12. e4 Nh5 13. g4 Nf6 14. h3 Qe7 15. Bd2
h5 16. O-O-O hxg4 17. hxg4 Rxh1 18. Rxh1 Nxg4 19. Rh7 Nxf2 20. Qg3 Nfxe4 21.
Nxe4 Nxe4 22. Qg2 Nxd2 23. d6 Qxd6 24. Qxa8+ Ke7 25. Nc3 Nxc4 26. Ne4 Qd3 0-1

[Event "Malta-Open2012"]
[Site "Bugibba"]
[Date "2012.11.21"]
[Round "5.5"]
[White "Lundstedt, Peter"]
[Black "Brynell, Stellan"]
[Result "0-1"]
[WhiteElo "2160"]
[BlackElo "2500"]
[Annotator "chessorg"]
[PlyCount "48"]
[EventDate "2012.??.??"]
[WhiteTeam "VÃ¤xjÃ¶ SK"]

1. Nf3 Nf6 2. c4 e6 3. g3 b6 4. Bg2 Bb7 5. O-O Be7 6. Nc3 O-O 7. Re1 d5 8. cxd5
exd5 9. d4 Na6 10. Bf4 c5 11. Rc1 Ne4 12. dxc5 Naxc5 13. Nd4 Bf6 14. b4 Nxc3
15. Rxc3 Bxd4 16. Qxd4 Ne6 17. Qd2 d4 18. Rd3 Bxg2 19. Kxg2 g5 20. Bxg5 Qxg5
21. Qxg5+ Nxg5 22. Rxd4 Ne6 23. Re4 Rfd8 24. f4 Rd4 0-1